000 00491nam a2200145Ia 4500
008 140724s9999 xx 000 0 und d
050 _aQA 76.76.W56
_b.T161 2012
100 _aTanaka, Ricky F.
245 _aPoint of sale system for Omatsuri Japanese Restaurant /
_cRicky F. Tanaka.
260 _aLas PiƱas, Philippines :
_bSouthville International School and Colleges,
_cc2012.
300 _a38 p. :
_bill. ;
_c28 cm.
521 _aInformation Technology
942 _cTH
999 _c228728
_d228728